Départements français connectés #1 - Statistiques

Statistiques générales
  • Ce quiz a été pris 918 fois
  • Le résultat moyen est 9 sur 10
Réponses sur la Carte
Les réponses sont colorées sur une échelle allant du rouge au vert en fonction du pourcentage des utilisateurs qui les ont devinées à leur premier essai. Vous pouvez retrouver ces pourcentages ci-dessous.
 
Statistiques - réponses
Départements % Correct
33 Gironde
99%
64 Pyrénées-Atlantiques
96%
40 Landes
95%
16 Charente
94%
17 Charente-Maritime
93%
34 Hérault
86%
46 Lot
86%
12 Aveyron
83%
19 Corrèze
83%
87 Haute-Vienne
80%
Aucun quiz correspondant
Distribution des résultats
% des personnes avec chaque résultat
Percentile par nombre de réponses
Votre historique - résultats
Vous n’avez pas pris ce quiz